Získavanie znalostí pre podporu riadenia výrobných procesov

Saved in:
Bibliographic Details
Main Author: Hrčka, Lukáš, 1989- (Author)
Other Authors: Važan, Pavel, 1962- (Thesis advisor)
Format: Manuscript Book
Language:Slovak
Published: 2017
Subjects:
Online Access:http://is.stuba.sk/zp/portal_zp.pl?podrobnosti=132546
Tags: Add Tag
No Tags, Be the first to tag this record!

MARC

LEADER 00000ntm a22000003a 4500
001 stuzp57008
003 SK-STU
005 20180910085801.1
007 ta
008 150427s2015----xo-----f-mn---000-0-slo-d
040 |a STU  |b slo 
041 0 |a slo 
044 |a xo 
100 1 |a Hrčka, Lukáš,  |d 1989-  |u 066000  |4 aut  |9 100  |U MTF Materiálovotechnologická fakulta  |T MTF Ústav aplikovanej informatiky, automatizácie a mechatroniky  |X 56769  |U M6000  |Y 86  |7 A000056769 
242 0 1 |a Knowledge discovery for supporting of control of production processes  |y eng 
245 1 0 |a Získavanie znalostí pre podporu riadenia výrobných procesov 
260 |c 2017 
300 |a 194 s.  |e prílohy 
650 4 |a riadenie procesov  |2 slo 
650 4 |a získavanie znalostí  |2 slo 
650 4 |a dolovanie dát  |2 slo 
650 4 |a Industry 4.0  |2 slo 
650 4 |a Hadoop  |2 slo 
650 4 |a control of production processes  |2 eng 
650 4 |a knwledge discovery  |2 eng 
650 4 |a data mining  |2 eng 
650 4 |a Industry 4.0  |2 eng 
650 4 |a Hadoop  |2 eng 
700 1 |a Važan, Pavel,  |d 1962-  |u 066000  |k Z1  |4 ths  |U MTF Materiálovotechnologická fakulta  |T MTF Ústav aplikovanej informatiky, automatizácie a mechatroniky  |X 323  |U M6000  |Y 86  |7 A000000323 
856 4 |u http://is.stuba.sk/zp/portal_zp.pl?podrobnosti=132546 
996 |b .  |c M* DzP-607  |l MMSKP  |s P  |a 0  |w stuzp57008_0001